| 000 | 00784nam a2200205 a 4500 | ||
|---|---|---|---|
| 003 | 0 | ||
| 005 | 20250317084334.0 | ||
| 008 | 080924s19uu xx 00 eng d | ||
| 050 |
_aPHS BF 378.M4 _b.G59 2008 |
||
| 100 | _aGow, Kevin Stuart Magalong. | ||
| 245 |
_aThe Effects of RnB music on the short term memory of grade 11 Southville students / _cKevin Stuart Magalong Gow. |
||
| 260 |
_aLas PiƱas City, Philippines : _bSouthville International School and Colleges, _c2008. |
||
| 300 |
_a25 pages : _billustrations ; _c28 cm. |
||
| 504 | _aIncludes bibliographical references. | ||
| 650 |
_aMemory _xEffect of music on. |
||
| 650 |
_aMusic _xPsychological aspects. |
||
| 650 |
_aRhythm and blues music _xPsychological aspects. |
||
| 650 | _aShort-term memory. | ||
| 942 |
_2lcc _cPASS |
||
| 999 |
_c98095 _d98095 |
||